[Event "The Asheboro Open 52"]
[Site "?"]
[Date "2009.12.05"]
[Round "1"]
[White "High, David"]
[Black "Ahmed, Zakir"]
[Result "1-0"]
[WhiteElo "1959"]
[BlackElo "1865"]
[Annotator "Rybka 3 (120s)"]
[PlyCount "85"]
[SourceDate "2006.11.11"]

{B12: Caro-Kann: Advance Variation} 1. e4 c6 2. d4 d5 3. e5 {
White gets more space} Bf5 4. h4 (4. Nf3 e6 $11) 4... h5 5. c4 e6 6. Nc3 {
White has an active position} Be7 {Black threatens to win material: Be7xh4} 7.
Nf3 Bg4 8. cxd5 (8. Bg5 dxc4 9. Bxc4 Nd7 $11) 8... cxd5 $11 9. Be2 (9. Qb3 Qc7
$11) 9... Nh6 (9... Nc6 10. O-O $11) 10. Bg5 (10. Bxh6 gxh6 11. Qb3 Qb6 $11)
10... Nf5 $15 {Black has a cramped position} 11. Qd2 (11. Bxe7 Kxe7 12. Ng5 Nc6
13. Bxg4 hxg4 14. Qxg4 Ncxd4 $11) 11... Bxf3 12. Bxf3 Nxh4 (12... Nc6 $5 13.
Ne2 Rc8 $17) 13. Bxh4 $11 Bxh4 14. Nb5 Be7 15. Rxh5 Rxh5 16. Bxh5 a6 17. Nc3
Nc6 18. Qf4 (18. O-O-O g6 19. Be2 Qb6 $11) 18... g6 $15 19. Be2 Qb6 {
Black threatens to win material: Qb6xd4} (19... Bg5 20. Qg4 $15) 20. O-O-O $11
Rc8 21. Qd2 Bb4 22. Kb1 Nd8 (22... Na5 23. Ka1 $15) 23. Ka1 $11 Qa5 24. Rc1 b5
25. Qe3 Bxc3 26. Rxc3 (26. bxc3 Qa3 $11) 26... Rxc3 $15 27. Qxc3 Qxc3 (27... b4
28. Qd3 Nc6 29. Kb1 $15) 28. bxc3 $11 {A minor pieces endgame occured} Nc6 29.
a4 b4 $4 (29... Na7 $142 $11 {the only rescuing move}) 30. Bxa6 $18 bxc3 (30...
Ke7 {a fruitless try to alter the course of the game} 31. Kb2 bxc3+ 32. Kxc3
$18) 31. Bb5 Kd7 32. Kb1 Kc7 33. Bxc6 Kxc6 34. Kc2 Kb6 35. Kxc3 Ka5 36. Kb3 Ka6
37. Kb4 Kb6 38. f4 Ka6 39. a5 Ka7 (39... Kb7 {does not improve anything} 40.
Kb5 Kc8 41. Kc6 Kb8 42. Kb6 Kc8 43. a6 Kd8 44. a7 Kd7 45. a8=Q Ke7 46. Kc7 f5
47. exf6+ Kf7 48. Qh8 e5 49. Kd7 exf4 50. Qg7#) 40. Kb5 Kb7 (40... g5 41. fxg5
Kb7 42. a6+ Kc7 43. g4 Kd7 44. Kb6 Ke8 45. a7 Kd7 46. Kb7 Ke8 47. Kc6 Kf8 48.
a8=Q+ Kg7 49. Qd8 Kh7 50. Qf8 f6 51. exf6 Kg6 52. Qg7#) 41. a6+ Ka7 42. g3 Kb8
(42... g5 43. fxg5 Kb8 44. Kb6 Kc8 45. a7 Kd8 46. Kc6 Ke7 47. a8=Q f6 48. Qb7+
Ke8 49. exf6 Kf8 50. Qe7+ Kg8 51. Qg7#) 43. Kb6 (43. Kb6 Kc8 44. a7 Kd7 45.
a8=Q Ke7 46. Kc7 f5 47. exf6+ Kf7 48. Qh8 e5 49. Kd7 exf4 50. Qg7#) 1-0

[Event "The Asheboro Open 52"]
[Site "?"]
[Date "2009.12.05"]
[Round "2"]
[White "Spurrier, Nick"]
[Black "High, David"]
[Result "1/2-1/2"]
[WhiteElo "1903"]
[BlackElo "1859"]
[Annotator "Rybka 3 (120s)"]
[PlyCount "67"]
[SourceDate "2006.11.11"]

{A62: Modern Benoni: Fianchetto Variation without early ...Nbd7} 1. d4 Nf6 2.
c4 c5 3. d5 e6 (3... g6 4. Nc3 $14) 4. Nc3 exd5 5. cxd5 d6 6. Nf3 g6 7. g3 (7.
e4 a6 $14) 7... Bg7 $11 8. Bg2 O-O 9. O-O Na6 (9... a6 10. a4 $11) 10. e4 Re8
11. Re1 {White has an active position} Bg4 12. h3 Bxf3 13. Bxf3 {
White has the pair of bishops} (13. Qxf3 Nd7 14. Qe2 Ne5 $11) 13... Nc7 (13...
Nd7 14. Bf4 $11) 14. a4 (14. Bf4 Bf8 $14) 14... a6 {Covers b5} (14... Nd7 15.
Bf4 Ne5 16. Qe2 $11) 15. a5 (15. Bf4 $5 $14) 15... Nb5 $11 16. Nxb5 axb5 17.
Bd2 (17. Bf4 Nd7 18. Qe2 Rxa5 19. Rxa5 Qxa5 20. Bxd6 c4 $15) 17... b4 {
This push gains space} 18. Qa4 Nd7 (18... Qd7 19. Bf4 $15) 19. Ra2 Ne5 {
Black threatens to win material: Ne5xf3} 20. Be2 Qd7 (20... Qe7 21. Kg2 $11)
21. Qxd7 Nxd7 22. Bb5 Re7 23. Bg5 {White threatens to win material: Bg5xe7} f6
{Black threatens to win material: f6xg5} (23... Bf6 24. Be3 $11) 24. Bf4 Ne5
25. Bxe5 (25. Kg2 f5 $14) 25... Rxe5 $11 {Opposite coloured bishops appeared}
26. f4 {White threatens to win material: f4xe5} Re7 27. Kf2 Kf7 28. b3 Rc7 (
28... Bh8 29. Kg2 $11) 29. Ree2 (29. Rea1 Rb8 $14) 29... Re7 30. Kf3 g5 31. f5
{White gains space} h5 32. Ra4 Rc7 33. Rea2 Ra7 34. Ra1 1/2-1/2

[Event "The Asheboro Open 52"]
[Site "?"]
[Date "2009.12.05"]
[Round "3"]
[White "Spurrier, Nick"]
[Black "Hogue, Tanner"]
[Result "1/2-1/2"]
[WhiteElo "1903"]
[BlackElo "1906"]
[Annotator "Rybka 3 (120s)"]
[PlyCount "42"]
[SourceDate "2006.11.11"]

{E14: Queen's Indian: Classical Variation (4 e3)} 1. d4 d5 2. Nf3 Nf6 3. e3 e6
4. c4 b6 (4... c5 5. Nc3 $11) 5. Nc3 Bb7 6. Bd3 (6. cxd5 exd5 7. Bb5+ c6 $11)
6... Be7 (6... Bd6 7. cxd5 exd5 8. O-O $11) 7. O-O Nbd7 (7... O-O 8. cxd5 Nxd5
9. Nxd5 Qxd5 10. Qc2 $14) 8. Re1 (8. cxd5 exd5 9. Nd2 O-O $11) 8... Ne4 9. cxd5
exd5 10. Qb3 Ndf6 11. Ne5 (11. Nxe4 Nxe4 12. Ne5 O-O $11) 11... O-O 12. f3 {
Covers g4} Nxc3 13. Qxc3 Bd6 (13... c5 14. b3 $11) 14. b4 (14. b3 a5 15. Qc2 c5
$11) 14... Qe7 15. a3 (15. Bd2 c5 $11) 15... c5 $11 16. bxc5 bxc5 17. Bb2 (17.
Rb1 c4 18. Bf5 Rfe8 $11) 17... Bxe5 (17... c4 $5 {is noteworthy} 18. Bc2 Nd7
$11) 18. dxe5 $14 {White has the pair of bishops} Nd7 19. Rac1 f6 (19... c4 $5
{is worthy of consideration} 20. Bc2 Rfb8 $14) 20. exf6 $16 Rxf6 21. Bb5 (21.
Qc2 $142 $5 Rh6 22. Bf5 $16) 21... Rb6 1/2-1/2

[Event "The Asheboro Open 52"]
[Site "?"]
[Date "2009.12.05"]
[Round "2"]
[White "Hogue, Tanner"]
[Black "Watson, James"]
[Result "1-0"]
[WhiteElo "1906"]
[BlackElo "1925"]
[Annotator "Rybka 3 (120s)"]
[PlyCount "75"]
[SourceDate "2006.11.11"]

{B00: Queen's Fianchetto Defence, Nimzowitsch Defence} 1. e4 g5 2. Bc4 (2. d4
h6 $14) 2... e6 {Prevents intrusion on d5} (2... h6 3. h4 gxh4 4. Nf3 $14) 3.
Ne2 (3. d4 d6 $14) 3... a6 {Controls b5} (3... Nf6 4. e5 d5 5. exd6 Bxd6 6. O-O
$11) 4. d4 {Black is behind in developement. Black's piece can't move: c8} b5 {
Black threatens to win material: b5xc4} (4... h6 5. Be3 $14) 5. Bd3 Bb7 (5...
c5 6. dxc5 Bxc5 7. Nd2 $14) 6. Be3 d6 7. Nd2 Nd7 8. c4 c6 (8... Ngf6 9. cxb5
axb5 10. O-O $16) 9. b3 (9. O-O Be7 $16) 9... h6 10. O-O Bg7 {
Black should quickly conclude development.} (10... Ngf6 11. Ng3 $14) 11. Rc1
Ngf6 12. f4 {White threatens to win material: f4xg5} (12. b4 $142 $16) 12...
Ng4 $15 13. Bf2 gxf4 14. Nxf4 $2 (14. b4 $142 $15 {
and White could well hope to play on}) 14... Nxf2 $19 15. Qh5 $2 (15. Kxf2
Bxd4+ 16. Ke2 $19) 15... Qg5 (15... Bxd4 $142 {and Black wins} 16. Rxf2 Qg5 $19
) 16. Nxe6 $15 {Traps the king in the center} Qxh5 (16... Bxd4 $5 {
is worth consideration} 17. Nxg5 Nxd3+ 18. Kh1 hxg5 19. Qxf7+ Kd8 $11) 17.
Nxg7+ $14 Kf8 (17... Ke7 18. Nxh5 Nxd3 19. Rc3 $14) 18. Nxh5 $16 Nxd3 19. Rc3
Nb4 (19... Nb2 20. Rcf3 Rh7 21. Rb1 Nxc4 22. bxc4 $16) 20. a3 c5 21. axb4 cxd4
22. Rd3 (22. Rcf3 Ne5 23. Rf6 Rd8 $18) 22... Rg8 (22... Ne5 $5 23. Rxd4 Ke7 $16
) 23. Rxd4 $18 Ke7 (23... Rg6 $142 $18) 24. Nf4 (24. Ng3 $142 {
makes it even easier for White} Rxg3 25. hxg3 $18) 24... Ne5 $16 25. Nd5+ (25.
c5 dxc5 26. bxc5 Rad8 27. Nd5+ Kf8 $16) 25... Bxd5 26. exd5 (26. cxd5 $6 Rac8
$15) 26... Rg6 $2 (26... bxc4 $142 27. Nxc4 Rab8 $16) 27. Ra1 $4 {
White loses the upper hand} (27. c5 Rag8 28. g3 Rf6 29. Rxf6 Kxf6 30. Ne4+ Ke7
$18) 27... Rgg8 $2 (27... Rag8 $142 $5 {must definitely be considered} 28. g3
bxc4 29. bxc4 Rg4 30. Rxg4 Rxg4 $11) 28. h3 (28. c5 Rg5 $18) 28... Rgc8 $2 (
28... Rg3 29. Rf4 Rd3 30. Rf2 bxc4 31. bxc4 $16) 29. Ra5 (29. Re4 Kd8 $18)
29... Rcb8 (29... h5 30. Rh4 $18) 30. c5 Rc8 (30... f5 31. Ra1 $18) 31. Ne4 (
31. Re4 Kd7 $18) 31... dxc5 32. bxc5 (32. Nxc5 $142 Kd6 33. Ne4+ Kc7 34. Rd1
$18) 32... Rd8 $4 {cause more grief} (32... f5 $142 $16) 33. Rd2 $18 f5 34. Nd6
Rxd6 (34... f4 35. Rd4 Rxd6 36. cxd6+ Kxd6 37. Rxf4 Kxd5 38. Ra1 $18) 35. cxd6+
Kxd6 36. Rda2 Kxd5 37. Rxa6 Rh8 (37... Rxa6 {doesn't get the cat off the tree}
38. Rxa6 Nc6 39. Kf2 $18) 38. Rf6 1-0

[Event "The Asheboro Open 52"]
[Site "?"]
[Date "2009.12.05"]
[Round "1"]
[White "Brooks, John"]
[Black "Hogue, Tanner"]
[Result "0-1"]
[WhiteElo "1734"]
[BlackElo "1906"]
[Annotator "Rybka 3 (120s)"]
[PlyCount "50"]
[SourceDate "2006.11.11"]

{B01: Scandinavian Defence} 1. e4 d5 2. exd5 Qxd5 3. Nc3 {
White threatens to win material: Nc3xd5} Qd6 4. d4 a6 {Secures b5} 5. Nf3 Nf6
6. Bd3 Bg4 {Black is behind in developement. Black's piece can't move: f8} (
6... g6 7. O-O $14) 7. O-O {White has an active position} Nc6 {
Black threatens to win material: Nc6xd4} 8. Be3 (8. Ne4 Nxe4 9. Bxe4 O-O-O $14)
8... O-O-O {White has an active position} (8... e5 9. dxe5 Nxe5 $11) 9. Ne2 (9.
Ne4 Nxe4 10. Bxe4 Qe6 11. Bxc6 Qxc6 $14) 9... e5 (9... Bxf3 $5 {
should be considered} 10. gxf3 e5 $15) 10. Nxe5 $11 Nxe5 11. dxe5 (11. Bf4 Nfd7
12. dxe5 Nxe5 $11) 11... Qxe5 $15 12. Qc1 $2 (12. Qd2 Bd6 13. Ng3 Qxb2 $11)
12... Nd5 $4 {Loses material. Black is ruining his position} (12... Rxd3 $142 {
would have made live much easier for Black} 13. Bf4 Qxe2 14. cxd3 Qe7 $19) 13.
Bd4 $11 Qh5 (13... Qe6 14. h3 Bf5 15. Bc4 $11) 14. Ng3 Qh4 15. f3 {
White threatens to win material: f3xg4} (15. Re1 Bd6 $14) 15... Be6 $11 16. c3
{Prevents intrusion on b4} (16. Ne4 $5 $11) 16... Bd6 $15 17. Bf2 (17. Bxg7 $4
{taking the pawn will bring White grief} Rhg8 18. Qh6 Bxg3 19. Qxh4 Bxh4 $19)
17... Bf4 {Black threatens to win material: Bf4xc1} 18. Qc2 $2 (18. Qb1 $142 $5
$15 {might be a viable alternative}) 18... Ne3 $19 19. Bxe3 Bxe3+ 20. Kh1 Bf4
21. Kg1 Rd5 22. Rfd1 $4 {
White has lost his nerve... understandable when you consider his position} (22.
Rfe1 Rhd8 23. Rad1 Bxg3 24. hxg3 Qxg3 $19) 22... Bxg3 (22... Be3+ $142 {
and Black has reached his goal} 23. Kh1 Qxg3 $19) 23. hxg3 $17 Qxg3 24. Be4 $2
(24. Qf2 $142 $5 Qxf2+ 25. Kxf2 $17) 24... Rh5 $19 25. Qf2 $4 {
terrible, but what else could White do to save the game?} (25. c4 $19) 25...
Rh1+ $3 {Deflection: h1} (25... Rh1+ 26. Kxh1 Qxf2 $19) 0-1

[Event "Asheboro Open 51"]
[Site "?"]
[Date "2009.11.07"]
[Round "?"]
[White "Lawson, Josh"]
[Black "Mabe, Chris"]
[Result "1/2-1/2"]
[WhiteElo "1982"]
[BlackElo "2299"]
[Annotator "Rybka 3 (90s)"]
[PlyCount "76"]
[SourceDate "2006.11.11"]

{D18: Slav Defence: 5 a4 Bf5 6 e3} 1. d4 d5 2. c4 c6 3. Nf3 Nf6 4. Nc3 dxc4 5.
a4 Bf5 6. e3 e6 {Covers d5} 7. Bxc4 Bb4 8. O-O {
White castles and improves king safety} O-O 9. h3 {Secures g4} (9. Qb3 a5 $11)
9... Nbd7 10. Nh4 Be4 (10... Qa5 11. Nxf5 exf5 12. Na2 $11) 11. Nf3 (11. Nxe4
Nxe4 12. Nf3 Ndf6 $14) 11... Bg6 12. Nh4 (12. Qb3 Qb6 $11) 12... Qe7 (12... Bh5
13. Nf3 $11) 13. Nxg6 hxg6 {White has the pair of bishops} ({Inferior is} 13...
fxg6 14. Qb3 $16) 14. Qc2 (14. a5 Rfb8 $14) 14... Rac8 15. Bd2 c5 16. Be2 Rfd8
17. Bf3 (17. Rac1 $5 $11) 17... cxd4 $15 18. exd4 {
White has a very active position} Nb6 19. Be3 Nc4 20. Rfc1 (20. Qb3 Na5 21. Qc2
Qd7 $15) 20... b6 (20... Nxe3 $5 21. fxe3 e5 $17) 21. Qe2 Na5 (21... Bxc3 22.
Rxc3 Nxe3 23. fxe3 Rxc3 24. bxc3 $11) 22. Rc2 {White has an active position} (
22. Na2 Bd6 $11) 22... Nb3 {Black threatens to win material: Nb3xa1} 23. Rd1
Bxc3 24. bxc3 e5 25. Bg5 Re8 (25... Qc7 26. d5 $11) 26. dxe5 (26. Bg4 Rc7 $14)
26... Qxe5 $11 27. Qxe5 Rxe5 28. Bxf6 gxf6 {Black has a new doubled pawn: f7}
29. Rd7 {White threatens to win material: Rd7xa7} Kf8 30. Rxa7 {
White has a new backward pawn: a4} Re7 (30... Nd4 31. Rd2 Nxf3+ 32. gxf3 $11)
31. Ra8 Rxa8 32. Bxa8 Re1+ 33. Kh2 Ra1 (33... Nc5 34. Bc6 Re6 35. Bb5 $14) 34.
Rb2 $16 Nc5 35. Bc6 Nxa4 36. Bxa4 Rxa4 37. Rxb6 {A rook endgame occured} Rc4
38. Rxf6 Rxc3 1/2-1/2

[Event "Asheboro Open 51"]
[Site "?"]
[Date "2009.11.07"]
[Round "2"]
[White "Timmel, John"]
[Black "McNeill, Jonathon"]
[Result "0-1"]
[WhiteElo "2112"]
[BlackElo "1980"]
[Annotator "Rybka 3 (90s)"]
[PlyCount "98"]
[SourceDate "2006.11.11"]

{A14: English Opening: 1...e6 with b3 by White} 1. c4 e6 2. Nf3 d5 3. g3 Nf6 4.
Bg2 Be7 5. O-O O-O 6. b3 (6. d4 dxc4 7. Qc2 a6 $11) 6... b6 (6... c5 7. cxd5
Nxd5 8. Bb2 $11) 7. Bb2 Bb7 8. d3 {Prevents intrusion on e4} (8. cxd5 Nxd5 9.
a3 c5 $11) 8... Nbd7 (8... c5 9. Qd2 $11) 9. Nbd2 c5 10. Re1 (10. cxd5 exd5 11.
Rc1 Re8 $11) 10... Qc7 (10... d4 11. Bh1 $11) 11. e4 dxe4 12. dxe4 e5 13. Qc2
Rfe8 (13... Bd6 14. Nb1 $14) 14. Bc3 (14. Nb1 $5 $16) 14... Bd6 15. Nh4 Nf8 16.
Nf5 Ne6 17. Ne3 Nd4 18. Bxd4 (18. Qd3 Qd7 $11) 18... cxd4 19. Nd5 Nxd5 20. exd5
g6 (20... Qd7 21. Re2 $11) 21. Ne4 $11 Kg7 {Black king safety dropped} 22. Qd2
f5 (22... a5 23. Nxd6 Qxd6 24. f4 $11) 23. Ng5 (23. Nxd6 $142 $5 Qxd6 24. f4
$16) 23... Bc8 24. f4 Bb7 $4 {gives the opponent counterplay} (24... e4 $142 {
would be a reprieve} 25. Qxd4+ Kg8 $11) 25. fxe5 $18 Bxe5 26. Ne6+ $4 {
with this move White loses his initiative} (26. d6 $142 {ends the debate} Qxd6
27. Bxb7 $18) 26... Rxe6 $16 27. dxe6 Bxg2 28. Qxg2 Re8 29. Qd5 Bf6 (29... Kf6
30. Rac1 Qd6 31. Rc2 Rxe6 32. Kf1 $16) 30. Rad1 Rd8 31. Qf3 Qe7 32. Qe2 Bg5 33.
Qd3 Rd6 34. Re2 Bf6 35. b4 (35. Rde1 $5 $16) 35... Rxe6 $14 36. Rxe6 Qxe6 37.
Rd2 (37. Kf1 Qc6 38. Kf2 Qd6 $14) 37... Qd6 (37... Bg5 38. Qxd4+ Kh6 39. Kf2
Bxd2 40. Qxd2+ Kg7 41. Qd4+ Kf7 42. a3 $11) 38. a3 a6 (38... Bg5 39. Re2 $14)
39. Qf3 (39. Re2 $142 $14) 39... Qe5 $4 (39... Bg5 40. Rd1 $11) 40. Rc2 $4 {
gives the opponent new chances} (40. Re2 $142 Qc7 41. Qd5 $18) 40... Qe4 $11
41. Qxe4 $4 {letting the wind out of his own sails} (41. Rf2 $142 {
and White can hope to live} d3 42. Kg2 $11) 41... fxe4 $19 42. Kf1 (42. Rd2 d3
43. Rd1 Bd4+ 44. Kf1 Kf6 $19) 42... d3 43. Rc1 $2 (43. Rd2 $142 Bd4 44. Rd1 $19
) 43... e3 44. Rb1 (44. c5 bxc5 45. Rxc5 $19) 44... e2+ 45. Kf2 Bc3 (45... Bd4+
{and Black can already relax} 46. Kf3 $19) 46. Ke3 (46. a4 {
doesn't improve anything} Kf6 47. a5 bxa5 $19) 46... e1=Q+ 47. Rxe1 Bxe1 48.
Kxd3 Kf6 49. Ke4 (49. Ke2 {is not the saving move} Bc3 50. Kd3 Bb2 $19) 49...
Ke6 0-1

[Event "The Asheboro Open 51"]
[Site "Greensboro"]
[Date "2009.11.07"]
[Round "3"]
[White "Timmel, John"]
[Black "Lawson, Josh"]
[Result "1/2-1/2"]
[WhiteElo "2123"]
[BlackElo "1982"]
[Annotator "Lawson,Josh"]
[PlyCount "79"]
[EventDate "2009.??.??"]
[SourceDate "2006.11.11"]
[TimeControl "240+2"]

{Hey guys. In my final Round game, I had to face strong Expert John Timmel.
John is a powerhouse Expert who has been defeating Masters recently, so I had
to step up my game and rise to the challenge.} 1. e4 c5 {I was iffy about
playing the sicilian against such a strong player, but figured that my tactics
were going to be the only chance I had.} 2. Nc3 Nc6 3. Nge2 {I was expecting
the normal Nf3, but I knew his plan was to play g3, Bg2 and 0-0, which he did
in the game.} Nf6 4. g3 d5 5. exd5 Nxd5 6. Bg2 e6 {This gave white the
advantage. I should have played Nxc3. My light squared bishop is doing nothing.
It would be better if it were placed on g4 or f5.} 7. O-O Be7 8. d3 {
White missed a good opportunity of Nxd5.} O-O 9. a3 {Still missing Nxd5.} a6
10. Re1 Bf6 {This was the most crucial move of the game on my part. White
could have seized a great winning chance by playing Nxd5!} 11. Ne4 Be7 12. Rb1
e5 {Critical moment. I had to find a way to activate my pieces. e5 does many
things, such as activating my light squared Bishop, soon having my Rooks
connected and playing a possible f5 push to develop some sort of Kingside
attack.} 13. f4 {Giving the advantage away. He should have played N2c3.} Bg4
14. N4c3 exf4 {My Fischer style tactics are now in full force as I smell the
blood from my opponents King! :)} 15. Nxd5 f3 {Uh oh . . .} 16. Nxe7+ Qxe7 {
Nxe7!? only gives back the advantage.} 17. Nc3 fxg2 {Not f2+?? which will lead
to a devastating loss for Black, which will go like Kxf2 Bxd1 Rxe7 Bxc2 Bxc6!.}
18. Qd2 Qd7 {Now having a slight advantage, I had to find the correct moves
for the remainder of the game.} 19. Qxg2 Nd4 {This move was a bone in my
opponents throat. The King has no good squares. What to do?} 20. Rf1 {
Be3 may have been a little better, but still drops the exchange.} Bh3 21. Qf2
Bxf1 22. Kxf1 Rae8 {Not a good decision. Rfe8 was much better as I found out
in a few moves why this move was so bad.} 23. Be3 Nxc2 {A little passive. Even
though this sack is sound, the position doesn't call for it.} 24. Bxc5 Re5 25.
Bxf8 {Rybka thought Kg1 was better, but I can't say that what my opponent
played was terrible.} Rf5 26. Bc5 Rxf2+ 27. Bxf2 Qc6 {Seeing my time winding
down, I succumb to the time pressure. For some reason I didn't like the idea
of Qxd3+ cause I was worried about a possible back rank mate by Rd1. Time
pressure does make you think crazy things. Also, Nxa3! would have been good as
well.} 28. d4 Nxa3 {Qh1+ was better.} 29. bxa3 Qxc3 30. Rxb7 Qc1+ {Trying to fi
gure out a way to fork the King and Rook!? g6 was better, and then trying to
attack would have been more sufficient.} 31. Ke2 Qc2+ 32. Kf1 Qd1+ {
Qc4+ was better} 33. Kg2 h5 34. Re7 g5 {Trying to get some sort of an attack
going, but this only helps white out in securing a draw.} 35. Re5 f6 36. Re6
Kf7 {Worrying about my pawn I forget what my initial plan was. I should have
played h4! threatening to play h3+!} 37. Re3 g4 {Obviously not Qxd4?? which
allows for Re7+ winning the Queen and eventually the game. Even in time
pressure I see these things!! ; )} 38. Rc3 f5 39. Rc7+ Kg6 40. Rc6+ {Here I sto
pped taking notations since I was severely low on time. The game ended in
another 15-20 move time scramble draw to secure a second place finish. Even
though I didn't pull out a win, I was very happy with my performance during
this game. This game illustrates how to improve your position and turn your
opponents mistakes into your advantage. John Timmel is an extremely nice guy
and great chessplayer, and I feel that im going to have much more intense
battles with him over the board in the future.} 1/2-1/2

[Event "Asheboro Open 51"]
[Site "?"]
[Date "2009.11.07"]
[Round "3"]
[White "McNeill, Jonathon"]
[Black "Mabe, Chris"]
[Result "0-1"]
[WhiteElo "1980"]
[BlackElo "2299"]
[Annotator "Rybka 3 (90s)"]
[PlyCount "48"]
[SourceDate "2006.11.11"]

{B06: Modern Defence} 1. e4 g6 2. d4 Bg7 3. Nc3 d6 4. f4 a6 5. Nf3 b5 6. Bd3 {
Black is behind in developement} Nd7 7. O-O c5 {
Black threatens to win material: c5xd4} 8. Be3 {Black has a cramped position}
Ngf6 {Black should quickly conclude development.} 9. dxc5 Ng4 {
Black threatens to win material: Ng4xe3} 10. Bd2 Nxc5 11. h3 (11. Qe1 $11)
11... Qb6 (11... Nxd3 $142 $5 {and Black is still in the game} 12. cxd3 Qb6+
13. Kh1 Nf2+ 14. Rxf2 Qxf2 $15) 12. Nd5 $14 Qa7 13. hxg4 Nxd3+ 14. Be3 {
White threatens to win material: Be3xa7} Nc5 15. Bd4 (15. e5 $5 {
looks like a viable alternative} Bxg4 16. b4 $14) 15... Bxd4+ ({Weaker is} 
15... Bxg4 16. Bxg7 Ne6+ 17. Bd4 Bxf3 18. Bxa7 Bxd1 19. Bd4 (19. Rfxd1 $143
Rxa7 20. a4 b4 $15) 19... Nxd4 20. Raxd1 $16) 16. Qxd4 O-O 17. e5 {
Black has a cramped position} (17. g5 Be6 $11) 17... Be6 18. exd6 $2 (18. Nxe7+
$142 {would allow White to play on} Qxe7 19. exd6 $11) 18... Bxd5 $19 19. dxe7
Rfe8 20. Qxd5 Nb3+ 21. Kh1 (21. Kh2 Nxa1 22. Rxa1 Qxe7 $19) 21... Nxa1 22. Rxa1
Qxe7 23. Re1 $2 (23. a4 $142 b4 24. Qd4 $19) 23... Qf6 24. Re4 Rad8 (24... Rad8
25. Rxe8+ Rxe8 $19) 0-1